| 000 | 01681 a2200301 4500 | ||
|---|---|---|---|
| 001 | 22959 | ||
| 005 | 20260407155519.0 | ||
| 008 | 260407a1997 arg spa d | ||
| 003 | AR-UNSa-BCEJYS | ||
| 040 |
_aAR-UNSa-BCEJYS _bspa _cAR-UNSa-BCEJYS |
||
| 080 |
_a510 _xConsideraciones fundamentales y generales de las matemáticas |
||
| 245 | 1 | 0 | _aMatemáticas para administración, economía, ciencias sociales y de la vida |
| 020 | _a968-880-963-2 | ||
| 250 | _a8a. ed | ||
| 264 | 1 |
_aMéxico : _bPearson Educación _c1997 |
|
| 300 |
_axiii, 941 p. _c27 cm |
||
| 505 | _a0. Repaso de álgebra - 1. Ecuaciones - 2. Aplicaciones de ecuaciones y desigualdades - 3. Funciones y gráficas - 4. Rectas, parábolas y sistemas - 5. Funciones exponencial y logarítmica - 6. Algebra matricial - 7. Programación lineal - 8. Matemáticas financieras - 9. Introducción a la probabilidad y a la estadística - 10. Temas adicionales de probabilidad - 11. Límites y continuidad - 12. Diferenciación - 13. Temas adicionales sobre diferenciación - 14. Trazado de curvas - 15. Aplicaciones de la diferenciación - 16. Integración - 17. Métodos y aplicaciones de la integración - 18. Variables aleatorias continuas - 19. Cálculo de varias variables | ||
| 041 | _aspa | ||
| 942 | _cBK | ||
| 590 | _aniveau_biblio:m niveau_hierar:0 | ||
| 100 | 1 | _aHaeussler, Ernest F. | |
| 700 | 1 | _aPaul, Richard S. | |
| 700 | 1 | _aCera, Jose de la | |
| 700 | 1 | _aIbarra Mercado, Víctor Hugo | |
| 700 | 1 | _aLópez Laiseca, Maria del Carmen | |
| 700 | 1 | _aVanegas Gordillo, Orlando | |
| 856 | 4 | 1 |
_uhttps://biblioeco.unsa.edu.ar/pmb/images/libros/Matem?ticas-l86613.jpg _yImagen de portada _qimage/jpeg |
| 999 |
_c1071 _d1071 |
||